Bourdieu et le travail (Record no. 92084)
[ view plain ]
| 000 -LEADER | |
|---|---|
| fixed length control field | 01110nam a2200205Ii 4500 |
| 008 - FIXED-LENGTH DATA ELEMENTS--GENERAL INFORMATION | |
| fixed length control field | 221202s xx 000 0 und d |
| 100 1# - MAIN ENTRY--PERSONAL NAME | |
| Personal name | Quijoux, Maxime, |
| Relator term | author |
| 245 #0 - TITLE STATEMENT | |
| Title | Bourdieu et le travail |
| 264 ## - PRODUCTION, PUBLICATION, DISTRIBUTION, MANUFACTURE, AND COPYRIGHT NOTICE | |
| Name of producer, publisher, distributor, manufacturer | Presses universitaires de Rennes |
| Date of production, publication, distribution, manufacture, or copyright notice | 2015 |
| 300 ## - PHYSICAL DESCRIPTION | |
| Extent | 1 online resource |
| 336 ## - CONTENT TYPE | |
| Content type term | text |
| Content type code | txt |
| Source | rdacontent |
| 337 ## - MEDIA TYPE | |
| Media type term | computer |
| Media type code | c |
| Source | rdamedia |
| 338 ## - CARRIER TYPE | |
| Carrier type term | online resource |
| Carrier type code | cr |
| Source | rdacarrier |
| 520 ## - SUMMARY, ETC. | |
| Summary, etc. | À l'occasion du dixième anniversaire de la mort de Pierre Bourdieu, cet ouvrage interroge l'objet « travail » dans la sociologie de Bourdieu, et Bourdieu dans la sociologie du travail. Réunissant plus d'une vingtaine de contributions, entre exégèses, analyses historiques et enquêtes de terrain, ce livre souhaite montrer l'apport mutuel du sociologue et du travail : une réconciliation scientifique en somme. |
| 653 ## - INDEX TERM--UNCONTROLLED | |
| Uncontrolled term | Sociologie |
| 653 ## - INDEX TERM--UNCONTROLLED | |
| Uncontrolled term | Sociology |
| 653 ## - INDEX TERM--UNCONTROLLED | |
| Uncontrolled term | Travail |
| 856 ## - ELECTRONIC LOCATION AND ACCESS | |
| Uniform Resource Identifier | <a href="https://docs.google.com/spreadsheets/d/1yKIrdCPDAG_9c22mwoOIO2DOhtj65Wqa/edit?usp=sharing&ouid=106555315294820607512&rtpof=true&sd=true ">https://docs.google.com/spreadsheets/d/1yKIrdCPDAG_9c22mwoOIO2DOhtj65Wqa/edit?usp=sharing&ouid=106555315294820607512&rtpof=true&sd=true </a> |
| Link text | List of Curated E-Books |
| 942 ## - ADDED ENTRY ELEMENTS (KOHA) | |
| Koha item type | E-Book |
No items available.